[Event "Rated Blitz game"]
[Site "?"]
[Date "2021.10.13"]
[Round "?"]
[White "rebelos"]
[Black "geptil"]
[Result "0-1"]
[WhiteElo "2462"]
[BlackElo "2453"]
[PlyCount "106"]
[EventDate "2021.??.??"]
[EventType "blitz"]

1. e4 e5 2. Nf3 d5 3. Nxe5 Bd6 4. d4 dxe4 5. Nc4 Nf6 6. Nxd6+ Qxd6 7. Nc3 O-O
8. h3 Nc6 9. Be3 Rd8 10. Qd2 Nxd4 11. O-O-O c5 12. Nb5 Nxb5 13. Bxb5 Qxd2+ 14.
Rxd2 Rxd2 15. Kxd2 b6 16. Bc6 Rb8 17. Bf4 Rb7 18. Bxb7 Bxb7 19. c4 Kf8 20. Bb8
Nd7 21. Bd6+ Ke8 22. Re1 f5 23. h4 Kf7 24. g3 Ke6 25. Bf4 g6 26. Kc3 a6 27. Rd1
b5 28. cxb5 axb5 29. Rd6+ Ke7 30. b3 h6 31. Rxg6 Bd5 32. Bxh6 b4+ 33. Kc2 Ne5
34. Ra6 Nd3 35. Be3 c4 36. bxc4 Bxc4 37. Rb6 Bxa2 38. h5 b3+ 39. Kd2 b2 40. Kc2
b1=Q+ 41. Rxb1 Bxb1+ 42. Kxb1 Kf6 43. Kc2 Ne1+ 44. Kc3 Nf3 45. Kc4 Nh2 46. Kd4
Ng4 47. Kd5 Nh2 48. h6 Kg6 49. Ke5 Ng4+ 50. Kf4 Nxh6 51. Bc5 Ng4 52. Bb4 Nxf2
53. Be1 Nd3+ {Time forfeit} 0-1

[Event "Rated Blitz game"]
[Site "?"]
[Date "2021.10.13"]
[Round "?"]
[White "Alex9a"]
[Black "geptil"]
[Result "1-0"]
[WhiteElo "2464"]
[BlackElo "2450"]
[PlyCount "55"]
[EventDate "2021.??.??"]
[EventType "blitz"]

1. e4 e5 2. Nf3 d5 3. exd5 e4 4. Nd4 Qxd5 5. Nb3 Nf6 6. Nc3 Qf5 7. Be2 Qg6 8.
g3 Bd6 9. O-O h5 10. Re1 h4 11. Bf3 Bf5 12. d3 hxg3 13. hxg3 Bxg3 14. fxg3
Qxg3+ 15. Bg2 Qh2+ 16. Kf1 Nc6 17. Nxe4 O-O-O 18. Nxf6 gxf6 19. Qf3 Bd7 20. Bf4
Qh7 21. Nc5 Rdg8 22. Nxd7 Kxd7 23. Re2 f5 24. Rae1 Rg4 25. Qd5+ Kc8 26. Re8+
Nd8 27. Qxb7+ Kd7 28. Qxc7# {Normal} 1-0

[Event "Rated Blitz game"]
[Site "?"]
[Date "2021.10.13"]
[Round "?"]
[White "Zeppski88"]
[Black "barry-allen"]
[Result "0-1"]
[WhiteElo "2438"]
[BlackElo "2417"]
[PlyCount "92"]
[EventDate "2021.??.??"]
[EventType "blitz"]

1. e4 e5 2. Nf3 d5 3. exd5 e4 4. Ne5 Qxd5 5. d4 exd3 6. Nxd3 Nf6 7. Nc3 Qd8 8.
Bg5 Be7 9. Qf3 Nc6 10. O-O-O O-O 11. h3 h6 12. Bh4 Nd4 13. Qf4 g5 14. Bxg5 Ne6
15. Qg3 hxg5 16. h4 Bd6 17. Qe3 Ng4 18. Qe2 Nf4 19. Qf3 Qf6 20. hxg5 Qxg5 21.
Kb1 Bf5 22. Nxf4 Bxf4 23. Nd5 Bd6 24. Qh3 Kg7 25. f4 Qg6 26. Qc3+ f6 27. Rh3
Rf7 28. Rg3 c6 29. Ne3 Bxf4 30. Nxf5+ Qxf5 31. Rf3 Qg5 32. Be2 Ne5 33. g3 Nxf3
34. gxf4 Qxf4 35. Bxf3 Re8 36. Rg1+ Kf8 37. Qc5+ Ree7 38. Qh5 Re5 39. Qh8+ Ke7
40. Qc8 Qf5 41. Qxb7+ Qd7 42. Qb4+ Qd6 43. Qc3 Qc5 44. Qd3 Qd5 45. Qa3+ Qd6 46.
Qxa7+ Qd7 {Time forfeit} 0-1

[Event "Rated Blitz game"]
[Site "?"]
[Date "2021.10.13"]
[Round "?"]
[White "rumbatapower"]
[Black "Kasteajedrez"]
[Result "1-0"]
[WhiteElo "2421"]
[BlackElo "2528"]
[PlyCount "91"]
[EventDate "2021.??.??"]
[EventType "blitz"]

1. e4 e5 2. Nf3 d5 3. Nxe5 dxe4 4. d4 Nd7 5. Nxd7 Bxd7 6. Bc4 Nf6 7. O-O Be7 8.
Nc3 O-O 9. Bg5 Bf5 10. Qd2 Re8 11. Rad1 Qd7 12. Rfe1 Rad8 13. Qf4 h6 14. Bxf6
Bxf6 15. Nxe4 Bxd4 16. c3 Rxe4 17. Rxe4 Bxe4 18. Rxd4 Qe7 19. Qxf7+ Qxf7 20.
Bxf7+ Kh7 21. Rxd8 Bb1 22. Rd7 h5 23. Rxc7 Kh6 24. Rxb7 h4 25. Rxa7 h3 26. gxh3
Kg5 27. Kg2 Be4+ 28. Kg3 Kf6 29. Bb3 g5 30. Ra5 g4 31. hxg4 Kg6 32. h4 Kh6 33.
h5 Bh7 34. f4 Kg7 35. Kh4 Kh8 36. g5 Be4 37. g6 Kg7 38. Kg5 Ba8 39. h6+ Kf8 40.
Rxa8+ Ke7 41. g7 Kd6 42. g8=Q Kc7 43. Qc4+ Kb6 44. Rb8+ Ka7 45. Qc7+ Ka6 46.
Qb6# {Normal} 1-0

[Event "Rated Rapid game"]
[Site "?"]
[Date "2021.10.13"]
[Round "?"]
[White "Rommel_lucion"]
[Black "Newton_54"]
[Result "1-0"]
[WhiteElo "2463"]
[BlackElo "2433"]
[PlyCount "81"]
[EventDate "2021.??.??"]
[EventType "rapid"]

1. e4 e5 2. Nf3 d5 3. exd5 e4 4. Qe2 Nf6 5. d3 Be7 6. dxe4 O-O 7. Nc3 c6 8.
dxc6 Nxc6 9. Qd3 Qb6 10. Qb5 Qc7 11. Bg5 Bg4 12. Be2 Bxf3 13. Bxf3 Nd4 14. Qa4
Rad8 15. O-O-O Qe5 16. Be3 Bc5 17. Nd5 b5 18. Nxf6+ Qxf6 19. Qa5 Bb6 20. Bxd4
Bxd4 21. Qa3 Qg5+ 22. Kb1 a5 23. Qxa5 Ra8 24. Qd2 Rxa2 25. Qxg5 Rfa8 26. c3 Bf6
27. Qxf6 gxf6 28. Rd8+ Rxd8 29. Kxa2 Rd2 30. Rf1 Kf8 31. Kb1 Ke7 32. Kc1 Rd8
33. Rd1 Ra8 34. Kc2 Ke6 35. Rd5 Ra1 36. Rxb5 Rf1 37. c4 Rxf2+ 38. Kd3 h5 39. c5
Rf1 40. Bg4+ hxg4 41. Ke2 {Time forfeit} 1-0

[Event "Rated Blitz tournament p9qNuHhM"]
[Site "?"]
[Date "2021.10.13"]
[Round "?"]
[White "espinozasgod"]
[Black "KillJoy_BKD"]
[Result "1/2-1/2"]
[WhiteElo "2424"]
[BlackElo "2403"]
[PlyCount "82"]
[EventDate "2021.??.??"]
[EventType "blitz"]

1. e4 e5 2. Nf3 d5 3. exd5 e4 4. Qe2 Be7 5. Qxe4 Nf6 6. Qe2 O-O 7. d3 Re8 8.
Be3 Nxd5 9. Nc3 Bb4 10. Qd2 Nc6 11. Be2 Qf6 12. d4 Qg6 13. O-O Nxe3 14. fxe3
Bh3 15. Nh4 Qg5 16. Rf4 Bd6 17. Raf1 Bxf4 18. Rxf4 Bd7 19. Bc4 Be6 20. d5 Red8
21. e4 Ne5 22. Bb3 Ng6 23. Nxg6 hxg6 24. Qf2 Bd7 25. Rxf7 Kh7 26. h4 Qc1+ 27.
Kh2 Qxb2 28. Qf3 Qa3 29. e5 Rf8 30. h5 Rxf7 31. Qxf7 Bf5 32. g4 Rf8 33. gxf5
Rxf7 34. hxg6+ Kg8 35. d6 Qc5 36. Bxf7+ Kf8 37. d7 Qf2+ 38. Kh1 Qf1+ 39. Kh2
Qf2+ 40. Kh1 Qf1+ 41. Kh2 Qf2+ {Normal} 1/2-1/2

[Event "Rated Blitz game"]
[Site "?"]
[Date "2021.10.13"]
[Round "?"]
[White "JohannesPhilidor"]
[Black "jsequera"]
[Result "0-1"]
[WhiteElo "2343"]
[BlackElo "2542"]
[PlyCount "34"]
[EventDate "2021.??.??"]
[EventType "blitz"]

1. e4 e5 2. Nf3 d5 3. Nxe5 Bd6 4. d4 dxe4 5. Bc4 Bxe5 6. dxe5 Qxd1+ 7. Kxd1 Nc6
8. Bf4 Bg4+ 9. Kc1 Nge7 10. Re1 Ng6 11. Bg3 O-O-O 12. Bxf7 Ngxe5 13. Bb3 Rhe8
14. Nd2 Nb4 15. Bxe5 Rxe5 16. a3 Nc6 17. Kb1 Rxd2 {Normal} 0-1

[Event "Rated Blitz tournament p9qNuHhM"]
[Site "?"]
[Date "2021.10.13"]
[Round "?"]
[White "espinozasgod"]
[Black "KillJoy_BKD"]
[Result "1-0"]
[WhiteElo "2418"]
[BlackElo "2405"]
[PlyCount "137"]
[EventDate "2021.??.??"]
[EventType "blitz"]

1. e4 e5 2. Nf3 d5 3. exd5 e4 4. Qe2 Be7 5. Qxe4 Nf6 6. Qa4+ Nbd7 7. c4 O-O 8.
Nc3 a6 9. Qd1 b5 10. d3 Re8 11. Be2 Bb7 12. O-O c6 13. dxc6 Bxc6 14. cxb5 axb5
15. Nd4 Bb7 16. Ndxb5 Ne5 17. d4 Ng6 18. Bf3 Bxf3 19. Qxf3 Bb4 20. a4 Qd7 21.
Bg5 Ra6 22. Rfe1 h6 23. Bd2 Rae6 24. Rxe6 Qxe6 25. g3 Qh3 26. Re1 Rxe1+ 27.
Bxe1 Qe6 28. Qd1 Qc4 29. d5 Nxd5 30. Qxd5 Qxd5 31. Nxd5 Bxe1 32. b4 Ne5 33. a5
Kf8 34. a6 Nd3 35. a7 Bxf2+ 36. Kf1 Bxa7 37. Nxa7 Ke8 38. Ke2 Ne5 39. b5 Kd7
40. b6 Kd6 41. b7 Nd7 42. Nb6 Nb8 43. Na8 Kc5 44. Kf3 Kb4 45. Nc7 Kc5 46. Nab5
Kb6 47. Ke4 Kxb7 48. Ne8 Kc6 49. Nd4+ Kd7 50. Nxg7 Ke7 51. Ngf5+ Kf6 52. Nxh6
Nd7 53. Ng4+ Kg7 54. Ne5 Nc5+ 55. Kf5 Na4 56. h4 Nc3 57. h5 Nd1 58. Kg5 Nf2 59.
Ng4 Ne4+ 60. Kf4 Nd6 61. Nf5+ Nxf5 62. Kxf5 Kh8 63. Kf6 Kg8 64. Nh6+ Kf8 65.
Nxf7 Kg8 66. Kg6 Kf8 67. h6 Kg8 68. h7+ Kf8 69. h8=Q+ {Normal} 1-0

[Event "Rated Blitz game"]
[Site "?"]
[Date "2021.10.13"]
[Round "?"]
[White "Elleondeprado"]
[Black "ALJANDro76"]
[Result "0-1"]
[WhiteElo "2407"]
[BlackElo "2398"]
[PlyCount "90"]
[EventDate "2021.??.??"]
[EventType "blitz"]

1. e4 e5 2. Nf3 d5 3. exd5 e4 4. Ne5 Qxd5 5. d4 exd3 6. Nxd3 Bf5 7. Nc3 Qe6+ 8.
Qe2 Nc6 9. Qxe6+ Bxe6 10. Bf4 O-O-O 11. O-O-O Nf6 12. h3 h6 13. Be2 Nd4 14.
Rhe1 Bc4 15. Bf1 Bd6 16. Bxd6 Rxd6 17. Ne5 Be6 18. f4 Rhd8 19. Bd3 g6 20. Nc4
Rc6 21. Ne5 Rcd6 22. Bc4 Bxc4 23. Nxc4 Ra6 24. Ne5 Ne6 25. Nxf7 Rxd1+ 26. Rxd1
Nh5 27. Nd5 c6 28. Nd6+ Kb8 29. Nb4 Rb6 30. Nd3 Nhxf4 31. Nxf4 Nxf4 32. g4 Nxh3
33. Rh1 Nf2 34. Rxh6 Nxg4 35. Rxg6 Ne5 36. Rg8+ Kc7 37. Ne8+ Kd7 38. Nf6+ Ke6
39. Ne4 Rb4 40. Nc3 Rd4 41. Re8+ Kf6 42. b3 Rg4 43. Rf8+ Ke7 44. Rf1 Nf3 45.
Re1+ Nxe1 {Normal} 0-1

[Event "Rated Blitz game"]
[Site "?"]
[Date "2021.10.13"]
[Round "?"]
[White "HUGOABEL"]
[Black "ReinaldoR"]
[Result "0-1"]
[WhiteElo "2399"]
[BlackElo "2488"]
[PlyCount "106"]
[EventDate "2021.??.??"]
[EventType "blitz"]

1. e4 e5 2. Nf3 d5 3. exd5 e4 4. Qe2 Nf6 5. Nc3 Be7 6. Nxe4 Nxd5 7. d3 O-O 8.
c4 Nb4 9. a3 N4c6 10. Be3 a6 11. O-O-O b5 12. Qc2 f5 13. Nc3 f4 14. Bd2 b4 15.
axb4 Nxb4 16. Qb1 c6 17. Na4 a5 18. d4 Bf5 19. Qa1 Bf6 20. Bxf4 Qe8 21. Be5 Nd7
22. Bxf6 Qe4 23. Rd2 Nxf6 24. Nc3 Qf4 25. b3 Rfe8 26. Ne5 Ng4 27. g3 Qh6 28.
Kd1 Nxe5 29. dxe5 Rxe5 30. Bg2 Rae8 31. Ne2 Qxd2+ 32. Kxd2 Rxe2+ 33. Kc3 Rc2+
34. Kd4 Rxf2 35. Kc5 Rxg2 36. Qxa5 Nd3+ 37. Kxc6 Be4+ 38. Kd7 Rf8 39. Rd1 Bf5+
40. Kc7 Re2 41. Rxd3 Bxd3 42. Qd5+ Kh8 43. Qxd3 Re7+ 44. Kb6 Ref7 45. Kb5 Rf6
46. Kb4 h6 47. c5 Rf3 48. Qd6 R3f6 49. Qe7 R6f7 50. Qe5 Rb7+ 51. Kc4 Rfb8 52.
b4 Rxb4+ 53. Kd5 Rb1 {Time forfeit} 0-1

[Event "Rated Blitz game"]
[Site "?"]
[Date "2021.10.13"]
[Round "?"]
[White "MatanLuka"]
[Black "Annali-annaliew1979"]
[Result "1-0"]
[WhiteElo "2472"]
[BlackElo "2461"]
[PlyCount "55"]
[EventDate "2021.??.??"]
[EventType "blitz"]

1. e4 e5 2. Nf3 d5 3. exd5 e4 4. Qe2 f5 5. d3 Nf6 6. dxe4 fxe4 7. Nc3 Bb4 8.
Bd2 Bxc3 9. Bxc3 O-O 10. Ne5 Qxd5 11. Rd1 Qxa2 12. Qc4+ Be6 13. Qxa2 Bxa2 14.
b3 h6 15. Bc4+ Kh7 16. Ra1 b5 17. Bxb5 Nd5 18. Bd2 e3 19. fxe3 Bxb3 20. cxb3 c6
21. Nxc6 Nxc6 22. Bxc6 Rad8 23. Bxd5 Rxd5 24. Rxa7 Rfd8 25. Ra2 Rd3 26. Rb2 Kg6
27. b4 Kf5 28. Ke2 {Normal} 1-0

[Event "Rated Blitz game"]
[Site "?"]
[Date "2021.10.13"]
[Round "?"]
[White "pemei"]
[Black "specialprize4u"]
[Result "0-1"]
[WhiteElo "2384"]
[BlackElo "2409"]
[PlyCount "102"]
[EventDate "2021.??.??"]
[EventType "blitz"]

1. e4 e5 2. Nf3 d5 3. exd5 e4 4. Qe2 Nf6 5. Nc3 Be7 6. Nd4 O-O 7. f3 exf3 8.
Qxf3 Re8 9. Be2 Bc5 10. Nf5 g6 11. d4 Bf8 12. Nh6+ Bxh6 13. Bxh6 Bg4 14. Qf2
Bxe2 15. Nxe2 Ng4 16. Qf4 Nxh6 17. Qxh6 Qe7 18. Qd2 Nd7 19. Rf1 Nb6 20. Rf2 Nc4
21. Qc3 Ne3 22. Kd2 Nxd5 23. Qf3 Qb4+ 24. Nc3 Qxd4+ 25. Kc1 Re1+ 26. Nd1 Rxd1+
27. Qxd1 Qxf2 28. Qxd5 Qe1+ 29. Qd1 Re8 30. c3 Qe3+ 31. Kc2 Qe4+ 32. Kb3 a5 33.
a4 Qe6+ 34. Ka3 b5 35. axb5 Qc4 36. Qd7 Qc5+ 37. Kb3 Re4 38. Rd1 Qc4+ 39. Kc2
Re2+ 40. Rd2 Qe4+ 41. Kb3 a4+ 42. Ka3 Rxd2 43. Qxd2 h5 44. Qd8+ Kh7 45. Qxc7
Qe6 46. Kxa4 Qa2+ 47. Kb4 Qxb2+ 48. Kc4 Qe2+ 49. Kb4 Qb2+ 50. Kc4 Qa2+ 51. Kb4
Qb1+ {Time forfeit} 0-1

[Event "Rated Blitz game"]
[Site "?"]
[Date "2021.10.13"]
[Round "?"]
[White "Snowvaz"]
[Black "geptil"]
[Result "1-0"]
[WhiteElo "2502"]
[BlackElo "2448"]
[PlyCount "79"]
[EventDate "2021.??.??"]
[EventType "blitz"]

1. e4 e5 2. Nf3 d5 3. exd5 e4 4. Qe2 Nf6 5. d3 Qxd5 6. Nbd2 Nc6 7. dxe4 Qe6 8.
Qc4 Qe7 9. c3 Be6 10. Qa4 O-O-O 11. Bb5 Bd7 12. Bxc6 Bxc6 13. Qxa7 b6 14. O-O
Nxe4 15. Nxe4 Qxe4 16. Be3 Bd6 17. Rfe1 Qg4 18. Qa6+ Bb7 19. Qe2 Qh5 20. h3 h6
21. Nd4 Qd5 22. Qf3 Qc4 23. Qf5+ Kb8 24. Rad1 g6 25. Qd3 Qd5 26. Qf1 Qe5 27. f4
Qh5 28. Nf3 Rde8 29. Bd4 Bxf4 30. Bxh8 Rxh8 31. Rd4 Bd6 32. Red1 Bc5 33. b4
Bxd4+ 34. Rxd4 Re8 35. Qd3 Bxf3 36. Qxf3 Qxf3 37. gxf3 Re2 38. a4 Re3 39. Rf4
f5 40. c4 {Time forfeit} 1-0

[Event "Rated Blitz game"]
[Site "?"]
[Date "2021.10.13"]
[Round "?"]
[White "Frepo"]
[Black "jeruchess"]
[Result "1-0"]
[WhiteElo "2459"]
[BlackElo "2416"]
[PlyCount "149"]
[EventDate "2021.??.??"]
[EventType "blitz"]

1. e4 e5 2. Nf3 d5 3. Nxe5 Bd6 4. d4 dxe4 5. Nc4 Nc6 6. Be3 Nf6 7. Be2 O-O 8.
Nxd6 Qxd6 9. c4 Bf5 10. Nc3 Rfe8 11. O-O a6 12. Qd2 Rad8 13. Rad1 h6 14. h3 Bh7
15. Bf4 Qd7 16. d5 Ne5 17. Qd4 Nd3 18. Bxd3 exd3 19. Be5 Qf5 20. Bxf6 gxf6 21.
Rfe1 Kh8 22. f3 Rg8 23. Kh2 Rg6 24. Re4 Rdg8 25. Rg4 h5 26. Rxg6 Rxg6 27. Rd2
Qg5 28. Ne4 Qf4+ 29. Kh1 h4 30. Qxd3 f5 31. Qd4+ f6 32. Nxf6 Qxd4 33. Rxd4 Rxf6
34. Rxh4 Kg7 35. Rd4 f4 36. Kg1 Rd6 37. c5 Rf6 38. Kf2 Rf5 39. d6 cxd6 40. cxd6
Rf8 41. Rb4 b5 42. a4 Rd8 43. axb5 axb5 44. Rxb5 Rxd6 45. Rb7+ Kh6 46. Ke2 Bd3+
47. Ke1 Bf5 48. Rb4 Kg5 49. h4+ Kg6 50. Rxf4 Rb6 51. b4 Bd3 52. Rd4 Bb5 53. Kf2
Kh5 54. g3 Ba4 55. Ke3 Re6+ 56. Kf4 Kg6 57. g4 Rf6+ 58. Kg3 Bc6 59. f4 Re6 60.
f5+ Kf6 61. fxe6 Kxe6 62. Kf4 Be8 63. Re4+ Kf7 64. Rxe8 Kxe8 65. Ke5 Kf7 66. h5
Kg7 67. b5 Kh6 68. b6 Kg5 69. b7 Kxg4 70. b8=Q Kxh5 71. Qg8 Kh4 72. Kf4 Kh3 73.
Qg4+ Kh2 74. Kf3 Kh1 75. Qg5 {Time forfeit} 1-0

[Event "Rated Blitz game"]
[Site "?"]
[Date "2021.10.13"]
[Round "?"]
[White "Tinu24"]
[Black "Sanek1206"]
[Result "1-0"]
[WhiteElo "2431"]
[BlackElo "2518"]
[PlyCount "75"]
[EventDate "2021.??.??"]
[EventType "blitz"]

1. e4 e5 2. Nf3 d5 3. exd5 e4 4. Qe2 Qe7 5. Nd4 Nf6 6. Nc3 Bg4 7. Qb5+ Nbd7 8.
Qxb7 Rb8 9. Qxc7 Qc5 10. Qxc5 Bxc5 11. Nb3 Bb6 12. Bb5 O-O 13. O-O Ne5 14. a4
Rfd8 15. a5 Bc7 16. h3 Bf5 17. Nd4 Bg6 18. Nc6 Nxc6 19. Bxc6 Ne8 20. b3 Bf4 21.
Re1 Nd6 22. Ne2 Be5 23. Ra4 f5 24. Ba3 Nb5 25. Bc5 a6 26. Bb6 Nc7 27. Nd4 Rdc8
28. d3 Ne8 29. dxe4 fxe4 30. Ne6 Nf6 31. c4 Bf5 32. Nc5 Bd4 33. b4 e3 34. fxe3
Bc3 35. Rf1 Bg6 36. Ne6 Bd3 37. Rc1 Bd2 38. Rd1 {Time forfeit} 1-0

[Event "Rated Blitz game"]
[Site "?"]
[Date "2021.10.13"]
[Round "?"]
[White "Pandur_M"]
[Black "Tristan2020"]
[Result "1/2-1/2"]
[WhiteElo "2507"]
[BlackElo "2386"]
[PlyCount "132"]
[EventDate "2021.??.??"]
[EventType "blitz"]

1. e4 e5 2. Nf3 d5 3. Nxe5 Bd6 4. d4 dxe4 5. Nc4 Nf6 6. Nxd6+ Qxd6 7. Be2 O-O
8. O-O Nc6 9. Be3 Bf5 10. c4 Rad8 11. d5 Ne5 12. Nc3 Nd3 13. Qd2 a6 14. f3 Ne5
15. fxe4 Nxe4 16. Qd4 Nxc3 17. Qxc3 Bg6 18. Rad1 Nd7 19. c5 Qe5 20. Qxe5 Nxe5
21. Bf4 Rfe8 22. Rd2 h5 23. Rfd1 Rd7 24. c6 bxc6 25. dxc6 Rxd2 26. Rxd2 Nxc6
27. Bxa6 Nb4 28. Bb5 c6 29. Ba4 Nd3 30. Bg3 Ra8 31. Bc2 Nb4 32. Bxg6 fxg6 33.
a3 Nd5 34. Be5 Kf7 35. Rc2 Ra6 36. Rf2+ Kg8 37. Bd4 Ra4 38. Rd2 Rc4 39. Kf2 g5
40. b4 g6 41. Bc5 Kf7 42. Ra2 Ke6 43. h3 Kf5 44. Rb2 g4 45. hxg4+ Kxg4 46. a4
Nf4 47. Ke3 Rc1 48. a5 Ra1 49. Bd6 Nd5+ 50. Kd4 g5 51. Rc2 Rb1 52. Rxc6 Nxb4
53. Bxb4 Rxb4+ 54. Rc4 Rb1 55. Ra4 h4 56. a6 Rb8 57. Ra3 Kf4 58. Kc5 g4 59. Kc6
g3 60. a7 Ra8 61. Kb7 h3 62. gxh3 Rxa7+ 63. Kxa7 g2 64. Ra1 Kg3 65. Rg1 Kxh3
66. Rxg2 Kxg2 {Normal} 1/2-1/2

[Event "Rated Rapid game"]
[Site "?"]
[Date "2021.10.13"]
[Round "?"]
[White "emiliooo"]
[Black "Newton_54"]
[Result "1-0"]
[WhiteElo "2482"]
[BlackElo "2404"]
[PlyCount "65"]
[EventDate "2021.??.??"]
[EventType "rapid"]

1. e4 e5 2. Nf3 d5 3. Nxe5 Bd6 4. d4 dxe4 5. Nc4 Nf6 6. Nc3 O-O 7. Bg5 Bb4 8.
Be2 Nc6 9. d5 Bxc3+ 10. bxc3 Qxd5 11. Bxf6 Qxd1+ 12. Rxd1 gxf6 13. g4 f5 14.
Rg1 f4 15. g5 f3 16. Bf1 Be6 17. Ne3 Rad8 18. Rb1 Na5 19. Rb4 Bd7 20. Rxe4 Bc6
21. Rd4 Rxd4 22. cxd4 Rd8 23. c3 Be4 24. Rg4 Bc6 25. Bd3 Re8 26. Rh4 Bd5 27.
Kd2 Bxa2 28. d5 c6 29. Ra4 Nb3+ 30. Kc2 cxd5 31. Rxa2 d4 32. Ng4 Nc5 33. Nf6+ {
Normal} 1-0

[Event "Rated Blitz game"]
[Site "?"]
[Date "2021.10.13"]
[Round "?"]
[White "Freiheitskaempfer"]
[Black "alaeldin112"]
[Result "1-0"]
[WhiteElo "2423"]
[BlackElo "2407"]
[PlyCount "129"]
[EventDate "2021.??.??"]
[EventType "blitz"]

1. e4 e5 2. Nf3 d5 3. exd5 e4 4. Qe2 Nf6 5. d3 Qxd5 6. Nbd2 Be7 7. dxe4 Qd8 8.
g3 O-O 9. Bg2 Nc6 10. c3 Bg4 11. h3 Bxf3 12. Nxf3 Re8 13. O-O Bc5 14. Qc4 Bb6
15. Bg5 h6 16. Bxf6 Qxf6 17. Rae1 Ne5 18. Nxe5 Rxe5 19. Qe2 Rae8 20. Kh2 g5 21.
f4 R5e7 22. e5 Qg7 23. Bxb7 Rd8 24. Ba6 Red7 25. Rd1 Rxd1 26. Rxd1 Rxd1 27.
Qxd1 gxf4 28. gxf4 c6 29. Bc4 Qg6 30. Qg4 Kg7 31. Kg3 Be3 32. f5 Qg5 33. Qxg5+
hxg5 34. Kg4 f6 35. e6 Kf8 36. Bd3 Ke7 37. Be4 c5 38. Kf3 Bc1 39. b3 Bd2 40. c4
Bb4 41. Bc6 Kd6 42. Bd7 a5 43. Ke2 Bc3 44. Kd3 Be5 45. Kc2 Kc7 46. a3 Bd6 47.
Ba4 Be7 48. Kd3 Kd6 49. Ke4 Bd8 50. Kf3 Ke5 51. Kg4 Be7 52. Bc6 Kd4 53. Kh5 Ke5
54. Kg6 Kf4 55. Kf7 Bd8 56. e7 Bxe7 57. Kxe7 Kxf5 58. Kd6 Kf4 59. Bd7 Kg3 60.
Kxc5 Kf4 61. b4 f5 62. bxa5 Ke5 63. a6 g4 64. hxg4 f4 65. Bc6 {Normal} 1-0

[Event "Titled Tuesday 12th Oct"]
[Site "chess.com INT"]
[Date "2021.10.12"]
[Round "6"]
[White "Aslanov, Umid"]
[Black "Skatchkov, Valery"]
[Result "0-1"]
[WhiteElo "2168"]
[BlackElo "2281"]
[PlyCount "78"]
[EventDate "2021.10.12"]
[SourceTitle "The Week in Chess 1406"]
[Source "Mark Crowther"]
[SourceDate "2021.10.18"]
[SourceVersion "3"]
[SourceVersionDate "2021.11.04"]
[SourceQuality "2"]

1. e4 e5 2. Nf3 d5 3. exd5 e4 4. Nd4 Qxd5 5. Nb3 Qe5 6. Nc3 Nf6 7. Be2 Bd6 8.
d3 exd3 9. Qxd3 O-O 10. Be3 Bf5 11. Qc4 Bxc2 12. Nd4 Bg6 13. O-O-O Nc6 14. Nxc6
bxc6 15. Qxc6 Rab8 16. Bd4 Qf4+ 17. Be3 Qb4 18. Rd2 Ne4 19. Nxe4 Bxe4 20. Qc4
Qxc4+ 21. Bxc4 Bxg2 22. Rg1 Be4 23. Bxa7 Rb4 24. Bb3 Bxh2 25. Re1 Bg6 26. Bc5
Rxb3 27. axb3 Ra8 28. Rd4 f6 29. Kd2 Be5 30. Rd7 Bf5 31. Re7 Rd8+ 32. Ke3 Rd3+
33. Ke2 Rxb3 34. Rg1 Rxb2+ 35. Kf3 Bg6 36. Ke3 Rc2 37. Bb4 Rc4 38. Ba5 Bd6 39.
Re6 Kf7 0-1

[Event "Rated Blitz game"]
[Site "?"]
[Date "2021.10.12"]
[Round "?"]
[White "Arivani"]
[Black "RCompany_1"]
[Result "0-1"]
[WhiteElo "2538"]
[BlackElo "2479"]
[PlyCount "42"]
[EventDate "2021.??.??"]
[EventType "blitz"]

1. e4 e5 2. Nf3 d5 3. exd5 e4 4. Nd4 Qxd5 5. Nb3 Qe5 6. Be2 Nf6 7. O-O Bd6 8.
g3 h5 9. d4 Qe7 10. c4 c6 11. Nc3 h4 12. d5 c5 13. Nb5 Be5 14. d6 Qe6 15. Nxc5
Qh3 16. Nc7+ Kf8 17. d7 Nbxd7 18. Nxd7+ Bxd7 19. Bf4 hxg3 20. Bxg3 Bxg3 21.
fxg3 Qxh2# {Normal} 0-1

[Event "Rated Blitz game"]
[Site "?"]
[Date "2021.10.12"]
[Round "?"]
[White "Lo-Botvinnik"]
[Black "Dzon_Vejn"]
[Result "0-1"]
[WhiteElo "2476"]
[BlackElo "2480"]
[PlyCount "74"]
[EventDate "2021.??.??"]
[EventType "blitz"]

1. e4 e5 2. Nf3 d5 3. Nxe5 Bd6 4. d4 dxe4 5. Bf4 Nd7 6. Nc3 Ngf6 7. Bc4 O-O 8.
O-O Nb6 9. Bb3 Bf5 10. Qe2 a5 11. a3 a4 12. Ba2 c6 13. Bg3 Nbd5 14. Nc4 Bxg3
15. hxg3 Nxc3 16. bxc3 Nd5 17. Qd2 Be6 18. Ne3 b5 19. Bxd5 Bxd5 20. Qc1 f5 21.
Qb2 g5 22. Qb4 f4 23. gxf4 gxf4 24. Nxd5 Qxd5 25. Qe7 Rae8 26. Qh4 Re6 27. Rae1
Rg6 28. Qe7 e3 29. f3 Qc4 30. Qb4 Qd5 31. Qe7 Rf7 32. Qe8+ Kg7 33. Re2 h5 34.
Rfe1 h4 35. Kh2 Qg5 36. Qc8 Qg3+ 37. Kh1 h3 {Time forfeit} 0-1

[Event "Rated Blitz game"]
[Site "?"]
[Date "2021.10.12"]
[Round "?"]
[White "AnsoriJepara"]
[Black "Annali-annaliew1979"]
[Result "1-0"]
[WhiteElo "2345"]
[BlackElo "2463"]
[PlyCount "75"]
[EventDate "2021.??.??"]
[EventType "blitz"]

1. e4 e5 2. Nf3 d5 3. d4 dxe4 4. Nxe5 Bd6 5. Nc4 Nf6 6. Be2 h6 7. O-O O-O 8.
Ne3 Nc6 9. c3 Nh7 10. f4 f5 11. Nc4 Kh8 12. Ne5 Qe8 13. Bh5 g6 14. Nxg6+ Kg7
15. Nxf8 Qxf8 16. Nd2 Be6 17. Qe2 Kh8 18. Nc4 Qg7 19. Ne5 Rg8 20. Ng6+ Qxg6 21.
Bxg6 Rxg6 22. Be3 Nf6 23. c4 Bf7 24. d5 Nd8 25. Rad1 b6 26. a3 a5 27. Kh1 Ng4
28. Bd4+ Kh7 29. h3 Nf6 30. Be5 Nb7 31. b4 axb4 32. axb4 Nd7 33. Bxd6 cxd6 34.
Ra1 Nbc5 35. bxc5 Nxc5 36. Ra7 Rg7 37. Rb1 Nd7 38. Rxd7 {Normal} 1-0

[Event "Rated Blitz game"]
[Site "?"]
[Date "2021.10.12"]
[Round "?"]
[White "winthlin"]
[Black "RCompany_1"]
[Result "1-0"]
[WhiteElo "2571"]
[BlackElo "2457"]
[PlyCount "79"]
[EventDate "2021.??.??"]
[EventType "blitz"]

1. e4 e5 2. Nf3 d5 3. exd5 e4 4. Qe2 Nf6 5. d3 Qxd5 6. Nc3 Bb4 7. Bd2 Bxc3 8.
Bxc3 O-O 9. Nd4 exd3 10. Qxd3 Re8+ 11. Be2 c5 12. Nb5 Qc6 13. Bxf6 Qxf6 14. Nc7
Rd8 15. Qc3 Qe7 16. Nxa8 Nc6 17. Qe3 Be6 18. O-O Rxa8 19. Rad1 Rc8 20. Rfe1 h6
21. Bc4 Nd8 22. Bxe6 Nxe6 23. c3 b5 24. Rd5 b4 25. Red1 bxc3 26. bxc3 Qf6 27.
Qe5 Qg6 28. Rd7 a5 29. Qg3 Qc2 30. a3 a4 31. Qf3 Ng5 32. Qd3 Qb3 33. Rd8+ Rxd8
34. Qxd8+ Kh7 35. Qd3+ g6 36. h4 Ne6 37. Qd7 Kg7 38. Re1 Qc4 39. Re3 h5 40. Qd6
{Time forfeit} 1-0

[Event "Rated Blitz game"]
[Site "?"]
[Date "2021.10.12"]
[Round "?"]
[White "Axmedov_Azamat"]
[Black "jeruchess"]
[Result "1-0"]
[WhiteElo "2482"]
[BlackElo "2404"]
[PlyCount "65"]
[EventDate "2021.??.??"]
[EventType "blitz"]

1. e4 e5 2. Nf3 d5 3. Bb5+ c6 4. Ba4 dxe4 5. Nxe5 Qd4 6. Qh5 Be6 7. Bb3 Bxb3 8.
axb3 g6 9. Qg4 Qxe5 10. Qc8+ Ke7 11. Qxb7+ Nd7 12. Qxa8 Bg7 13. Qxc6 Ngf6 14.
Rxa7 Rd8 15. Nc3 Ng4 16. Qxe4 f5 17. Qxe5+ Ngxe5 18. O-O Kf8 19. d3 Nc5 20. Bg5
Re8 21. d4 Nc6 22. Rxg7 Kxg7 23. dxc5 Nd4 24. Be3 Nxc2 25. Nd5 Rc8 26. b4 h6
27. Rc1 Nxe3 28. Nxe3 Kf7 29. b5 Ke6 30. b4 f4 31. Ng4 h5 32. Nh6 Kf6 33. c6 {
Normal} 1-0

[Event "Rated Blitz game"]
[Site "?"]
[Date "2021.10.12"]
[Round "?"]
[White "JeremyPietra"]
[Black "RiskyBlitzer"]
[Result "0-1"]
[WhiteElo "2407"]
[BlackElo "2498"]
[PlyCount "52"]
[EventDate "2021.??.??"]
[EventType "blitz"]

1. e4 e5 2. Nf3 d5 3. Nxe5 dxe4 4. d4 Bd6 5. Nc4 Nc6 6. Nxd6+ Qxd6 7. Be3 f5 8.
Be2 f4 9. Bc1 Nf6 10. c3 O-O 11. Nd2 f3 12. gxf3 exf3 13. Nxf3 Bh3 14. Be3 Ng4
15. Rg1 Nxe3 16. fxe3 Rae8 17. Qd2 Qe7 18. Rg3 Bd7 19. Kf2 Kh8 20. Rag1 Nd8 21.
Bd3 Bc6 22. Ke2 Bxf3+ 23. Rxf3 Qh4 24. Qe1 Qh5 25. Rgg3 Ne6 26. Qf2 Ng5 {
Time forfeit} 0-1

[Event "Rated Blitz game"]
[Site "?"]
[Date "2021.10.12"]
[Round "?"]
[White "Oleg_Perfilov"]
[Black "ALJr76"]
[Result "0-1"]
[WhiteElo "2450"]
[BlackElo "2399"]
[PlyCount "32"]
[EventDate "2021.??.??"]
[EventType "blitz"]

1. e4 e5 2. Nf3 d5 3. exd5 e4 4. Qe2 Nf6 5. Nc3 Be7 6. Nxe4 O-O 7. d3 Qxd5 8.
Nxf6+ Bxf6 9. Qe4 Qa5+ 10. Bd2 Qb5 11. Qb4 Re8+ 12. Be2 Qc6 13. Bc3 Bg4 14.
Bxf6 Bxf3 15. Be7 Bxe2 16. Kxe2 Qe6+ {Normal} 0-1